Public relations in global cultural contexts : (Record no. 15389)
[ view plain ]
| 000 -LEADER | |
|---|---|
| fixed length control field | 01481cam a2200421 a 4500 |
| 001 - CONTROL NUMBER | |
| control field | 16282062 |
| 003 - CONTROL NUMBER IDENTIFIER | |
| control field | OSt |
| 005 - DATE AND TIME OF LATEST TRANSACTION | |
| control field | 20140310182725.0 |
| 008 - FIXED-LENGTH DATA ELEMENTS--GENERAL INFORMATION | |
| fixed length control field | 100614s2011 nyu b 001 0 eng |
| 010 ## - LIBRARY OF CONGRESS CONTROL NUMBER | |
| LC control number | 2010024798 |
| 020 ## - INTERNATIONAL STANDARD BOOK NUMBER | |
| International Standard Book Number | 9780415872850 |
| 020 ## - INTERNATIONAL STANDARD BOOK NUMBER | |
| International Standard Book Number | 0415872855 |
| 020 ## - INTERNATIONAL STANDARD BOOK NUMBER | |
| International Standard Book Number | 9780415872867 |
| 020 ## - INTERNATIONAL STANDARD BOOK NUMBER | |
| International Standard Book Number | 0415872863 |
| 020 ## - INTERNATIONAL STANDARD BOOK NUMBER | |
| International Standard Book Number | 9780203866153 |
| 020 ## - INTERNATIONAL STANDARD BOOK NUMBER | |
| International Standard Book Number | 0203866150 |
| 035 ## - SYSTEM CONTROL NUMBER | |
| System control number | (OCoLC)ocn436030395 |
| 040 ## - CATALOGING SOURCE | |
| Original cataloging agency | DLC |
| Transcribing agency | DLC |
| Modifying agency | YDX |
| -- | BTCTA |
| -- | YDXCP |
| -- | MTG |
| -- | BWX |
| -- | CDX |
| -- | DLC |
| 050 00 - LIBRARY OF CONGRESS CALL NUMBER | |
| Classification number | HM 1221 |
| Item number | .P7844 2011 |
| 245 00 - TITLE STATEMENT | |
| Title | Public relations in global cultural contexts : |
| Remainder of title | multi-paradigmatic perspectives / |
| Statement of responsibility, etc | edited by Nilanjana Bardhan, C. Kay Weaver. |
| 260 ## - PUBLICATION, DISTRIBUTION, ETC. (IMPRINT) | |
| Place of publication, distribution, etc | New York : |
| Name of publisher, distributor, etc | Routledge, |
| Date of publication, distribution, etc | 2011. |
| 300 ## - PHYSICAL DESCRIPTION | |
| Extent | xiv, 295 p. ; |
| Dimensions | 24 cm. |
| Other physical details | ill. ; |
| 490 1# - SERIES STATEMENT | |
| Series statement | Communication series |
| 504 ## - BIBLIOGRAPHY, ETC. NOTE | |
| Bibliography, etc | Includes bibliographical references and index. |
| 521 ## - TARGET AUDIENCE NOTE | |
| Target audience note | |
| 562 ## - COPY AND VERSION IDENTIFICATION NOTE | |
| Number of copies | For Circulation. 1 copy in the Collection |
| 650 #0 - SUBJECT ADDED ENTRY--TOPICAL TERM | |
| Topical term or geographic name as entry element | Public relations. |
| 650 #0 - SUBJECT ADDED ENTRY--TOPICAL TERM | |
| Topical term or geographic name as entry element | Public relations |
| Form subdivision | Cross-cultural studies. |
| 700 1# - ADDED ENTRY--PERSONAL NAME | |
| Personal name | Bardhan, Nilanjana. |
| 700 1# - ADDED ENTRY--PERSONAL NAME | |
| Personal name | Weaver, C. Kay, |
| Dates associated with a name | 1964- |
| 830 #0 - SERIES ADDED ENTRY--UNIFORM TITLE | |
| Uniform title | Routledge communication series. |
| 856 42 - ELECTRONIC LOCATION AND ACCESS | |
| Materials specified | Contributor biographical information |
| Uniform Resource Identifier | <a href="http://www.loc.gov/catdir/enhancements/fy1114/2010024798-b.html">http://www.loc.gov/catdir/enhancements/fy1114/2010024798-b.html</a> |
| 906 ## - LOCAL DATA ELEMENT F, LDF (RLIN) | |
| a | 7 |
| b | cbc |
| c | orignew |
| d | 1 |
| e | ecip |
| f | 20 |
| g | y-gencatlg |
| 942 ## - ADDED ENTRY ELEMENTS (KOHA) | |
| Source of classification or shelving scheme | Library of Congress Classification |
| Koha item type | Books |
| Call number prefix | Foreign |
| Withdrawn status | Lost status | Source of classification or shelving scheme | Damaged status | Home library | Current library | Shelving location | Date acquired | Source of acquisition | Total Checkouts | Full call number | Barcode | Date last seen | Copy number | Price effective from | Koha item type |
|---|---|---|---|---|---|---|---|---|---|---|---|---|---|---|---|
| Library of Congress Classification | College Library | College Library | General Circulation Section | 01/10/2014 | Donation | HM 1221 .P7844 2011 | C16406 | 05/15/2018 | 1 | 01/10/2014 | Books | ||||
| Library of Congress Classification | College Library | College Library | General Circulation Section | 01/10/2014 | Donation | HM 1221 .P7844 2011 | C13577 | 05/15/2018 | 2 | 01/10/2014 | Books |